000 00669nam a2200241Ia 4500
003 OSt
005 20220926035537.0
006 a|||||r|||| 00| 0
007 ta
008 220923b |||||||| |||| 00| 0 eng d
037 _cGeneral Book
040 _aRTL
_cRTL
_beng
041 _2eng
_aeng
082 _aX:75.254.N42t5, H2
110 _aOrissa, Government of ....
_9239488
245 0 _aPost war development places
_b Second Draft
260 _c1942
300 _a590p.
_ccm.
650 _aPlanned Economy-India
700 _aOrissa, Government of ....
_9239489
942 _hX:75.254.N42t5, H2
_cGB
_2CC
999 _c662506
_d662506